El Cartel teatral de hace medio siglo /
Colección:
San Jorge,
; núm. 20 (octubre 1955), pàg 73-75
Materias:
Cartells de teatre -- Història
Idioma:
Español
MARC
| LEADER | 00000naa a2200000 a 4500 | ||
|---|---|---|---|
| 003 | Arxiu | ||
| 005 | 20260324181032.0 | ||
| 008 | 160829s1955 spcaxx s spa c | ||
| 040 | |a AGDB | ||
| 100 | 1 | |a Cirici, Alexandre, |d 1914-1983 |9 29415 | |
| 245 | 1 | 3 | |a El Cartel teatral de hace medio siglo / |c A. Cirici-Pellicer |
| 490 | |a San Jorge, |v núm. 20 (octubre 1955), pàg 73-75 | ||
| 650 | |a Cartells de teatre |x Història |9 29416 | ||
| 773 | |g Núm. 20 (octubre 1955), pàg 73-75 |t San Jorge. | ||
| 901 | |a Arxiu | ||
| 942 | |n 1 |2 udc |c ART | ||
| 952 | |0 0 |1 0 |4 0 |6 REV510 |7 1 |9 65447 |a Arxiu |b Arxiu |d 2023-03-06 |l 0 |o Rev-510 |r 2023-03-06 00:00:00 |w 2023-03-06 |y ARXIU |z També disponible a Rev-524 | ||
| 999 | |c 47908 |d 47908 | ||